000135886 001__ 135886
000135886 005__ 20220920135205.0
000135886 020__ $$a978-0-429-18547-2 
000135886 0247_ $$2K10Plus$$aK10Plus:872938727
000135886 0247_ $$2doi$$ahttps://doi.org/10.1201/b19706 
000135886 037__ $$aERESRWTH-2021-00074
000135886 082__ $$a519.53
000135886 1001_ $$aHennig, Christian$$b0
000135886 245__ $$aHandbook of Cluster Analysis
000135886 260__ $$aBoca Raton$$bCRC Press$$c2015
000135886 300__ $$a1 Online-Ressource (753 p
000135886 3367_ $$2BibTeX$$aBOOK
000135886 3367_ $$0PUB:(DE-HGF)3$$2PUB:(DE-HGF)$$aBook$$bbook$$mbook$$s1632120298_23217
000135886 3367_ $$2DataCite$$aOutput Types/Book
000135886 3367_ $$2ORCID$$aBOOK
000135886 3367_ $$01$$2EndNote$$aBook
000135886 3367_ $$2DRIVER$$abook
000135886 4900_ $$aChapman & Hall / CRC Handbooks of Modern Statistical Methods
000135886 500__ $$aOnline-Ressource Zugriff nur im Hochschulnetz der RWTH Aachen bzw. für autorisierte Benutzer  ; Description based upon print version of record;
000135886 588__ $$aDataset connected to K10Plus
000135886 7001_ $$aMeila, Marina$$b1
000135886 7001_ $$aMurtagh, Fionn$$b2
000135886 7001_ $$aRocci, Roberto$$b3
000135886 8564_ $$uhttps://doi.org/10.1201/b19706
000135886 909CO $$ooai:reserves.ub.rwth-aachen.de:135886$$pVDB
000135886 9151_ $$0StatID:(DE-HGF)2103$$2StatID$$aAnschaffungsvorschlag / Purchase request$$x0
000135886 9201_ $$0I:(DE-RON)21ws-12.59324$$k21ws-12.59324$$lSeminar Theoretical Topics in Data Science (SE) [21ws-12.59324]$$x0
000135886 961__ $$c2021-09-20T08:49:53.566724$$i2021-09-14T13:21:33.031058$$x2021-09-14T13:21:33.031058$$z2021-09-20T08:49:53.566724
000135886 980__ $$abook
000135886 980__ $$aVDB
000135886 980__ $$aI:(DE-RON)21ws-12.59324
000135886 980__ $$aUNRESTRICTED